000 01462nam a22004097a 4500
001 14080295
003 OSt
005 20210421060311.0
008 050819r20051984nyu 000 1 eng
010 _a 2005280212
020 _a038531258X (pbk.)
040 _aeng
_cDLC
_deng
_beng
041 _aeng
043 _an-us-ga
050 0 0 _aPS3552.U73248
_bC6 2005
080 _a821.111
_bB-96
082 0 0 _a813/.54
_222
100 1 _aBurns, Olive Ann.
245 1 0 _aCold Sassy tree /
_cOlive Ann Burns.
250 _aDial Press trade pbk. ed.
260 _aNew York :
_bDial Press Trade Paperbacks,
_c1984
300 _a391 p. ;
_c21 cm.
365 _b12.95 usd
650 0 _aFamilies
_zGeorgia
_vFiction.
650 0 _aEnglish literature
_9254
650 0 _aCountry life
_zGeorgia
_vFiction.
653 _aინგლისური ლიტერატურა
655 7 _aPastoral fiction.
_2gsafd
655 7 _aHistorical fiction.
_2gsafd
655 7 _aBildungsromans.
_2gsafd
856 4 2 _3Contributor biographical information
_uhttp://www.loc.gov/catdir/enhancements/fy0626/2005280212-b.html
856 4 2 _3Publisher description
_uhttp://www.loc.gov/catdir/enhancements/fy0626/2005280212-d.html
856 4 1 _3Sample text
_uhttp://www.loc.gov/catdir/enhancements/fy0626/2005280212-s.html
906 _a7
_bcbc
_corigcop
_d3
_encip
_f20
_gy-gencatlg
942 _2udc
_cBK
999 _c625
_d625